000
00316nam a2200121 a 4500
005
20140414093843.0
008
090422s19uu xx uuu eng d
050
_a
CD 782.27
_b
STO 2007
245
_a
Stonyhurst-Southville International School :
_b
School Hymn.
650
_a
Hymns.
942
_c
AVM
999
_c
109439
_d
109439